000 00620nam a2200253Ia 4500
003 OSt
005 20221007074650.0
006 a|||||r|||| 00| 0
007 ta
008 221006b |||||||| |||| 00| 0 eng d
020 _cRs. 330/-
024 _a7,894
037 _cTextual
040 _aFLL
_cFLL
_beng
041 _2eng
_aeng
082 _aXM55:Z2, M4
100 _aRamaiya A
245 0 _aCompany act
250 _a10th
260 _aNagpur
_bWadhwa and Company India
_c1984
300 _acxii,2097p
_ccm.
942 _hXM55:Z2, M4
_cTEXL
_2CC
999 _c1153264
_d1153264